| 000 | 00419nam a2200181Ia 4500 | ||
|---|---|---|---|
| 001 | 8794 | ||
| 005 | 20260306160636.0 | ||
| 008 | 260306t2005||||xx |||||||||||||| ||spa|| | ||
| 041 | _aESP | ||
| 082 |
_a371.335 _bN61 |
||
| 100 |
_aNiño Rojas, Víctor Miguel _eAUT |
||
| 245 | 0 | _aLos medios audiovisuales en el aula | |
| 260 | _c2005 | ||
| 300 |
_a _c |
||
| 650 | _aGEN | ||
| 654 | _aCED | ||
| 942 |
_cLIB _dJUS _fJUS _2ddc _n |
||
| 999 |
_c8794 _d8794 |
||